| 000 | 00897nas a2200277 4500 | ||
|---|---|---|---|
| 001 | BR2017000423 | ||
| 003 | BR-BrBNA | ||
| 005 | 20231205130832.0 | ||
| 007 | ta | ||
| 008 | 230509b bl.|||p| |||| 00| 00por d | ||
| 040 |
_aBR-BrBNA _bpor _cBiblioteca Nacional de Agricultura |
||
| 041 | _a(Pt) | ||
| 072 | _aM40 | ||
| 100 | 1 | _aBarreto, A. do V. | |
| 100 | 1 | _aBatista-Leite, L. de M.A. | |
| 100 | 1 | _aAguiar, M.C.A. | |
| 245 | 1 | _aMaturidade sexual das fêmeas de Callinectes danae (Crustacea, Decapoda, Portunidae)nos estuários dos rios Botafogo e Carrapicho, Itamaracá, PE, Brasil | |
| 500 | _av. 96(2) p. 141-146 | ||
| 650 | _aSÉRIE | ||
| 650 | _aCRUSTÁCEO | ||
| 650 | _aMATURIDADE SEXUAL | ||
| 650 | _aFÊMEA | ||
| 773 | 0 |
_tIheringia - Série Zoologia (Brazil) _xISSN 0073-4721 _g, (jun 2006) _wBR2017000423 |
|
| 909 |
_a202311 _bLúcia _c55 _dLúcia Elande |
||
| 942 |
_2AGRIS _n0 _cANA |
||
| 999 |
_c251549 _d251549 |
||